Verbal complexes /

Bibliographic Details
Main Author: Koopman, Hilda Judith
Other Authors: Szabolcsi, Anna, 1953-
Format: Book
Language:English
Published: Cambridge, Mass. : MIT Press, [2000]
Series:Current studies in linguistics series ; 34.
Subjects:

MARC

Tag First Indicator Second Indicator Subfields
LEADER 00000pam a2200000 a 4500
001 in00001595113
005 20151022164629.0
008 000412s2000 maua b 001 0 eng
010 |a  00030388  
020 |a 0262112531 (alk. paper) 
020 |a 0262611546 (pbk. : alk. paper) 
035 |a (OCoLC)ocm43913123 
040 |a DLC  |c DLC  |d TXA  |d UtOrBLW 
049 |a TXAM 
050 0 0 |a PB145  |b .K66 2000 
082 0 0 |a 415  |2 21 
100 1 |a Koopman, Hilda Judith. 
245 1 0 |a Verbal complexes /  |c Hilda Koopman and Anna Szabolcsi. 
264 1 |a Cambridge, Mass. :  |b MIT Press,  |c [2000] 
264 4 |c ©2000 
300 |a xii, 245 pages :  |b illustrations ;  |c 24 cm. 
336 |a text  |b txt  |2 rdacontent 
337 |a unmediated  |b n  |2 rdamedia 
338 |a volume  |b nc  |2 rdacarrier 
490 1 |a Current studies in linguistics series ;  |v 34 
504 |a Includes bibliographical references (pages [233]-240) and index. 
650 0 |a Languages, Modern  |x Verb phrase. 
650 0 |a Hungarian language  |x Verb phrase. 
650 0 |a Dutch language  |x Verb phrase. 
650 0 |a German language  |x Verb phrase. 
700 1 |a Szabolcsi, Anna,  |d 1953- 
830 0 |a Current studies in linguistics series ;  |v 34. 
948 |a cataloged  |b h  |c 2001/2/15  |d c  |e cmulkey  |f 1:27:06 pm 
994 |a E0  |b TXA 
999 |a MARS 
999 f f |s 5cf9a401-5d82-3ea4-b1d9-9221dc9cf042  |i ec5faa83-65b7-3105-8cbb-88dfed203a37  |t 0 
952 f f |p ric  |a Texas A&M University  |b Rellis Campus  |c Joint Library Facility  |d Remote Storage  |t 0  |e PB145 .K66 2000  |h Library of Congress classification  |i unmediated -- volume  |m A14827157948 
998 f f |a PB145 .K66 2000  |t 0  |l Remote Storage